LEADER 00910nam0-22003251i-450- 001 990003114080403321 035 $a000311408 035 $aFED01000311408 035 $a(Aleph)000311408FED01 035 $a000311408 100 $a20000920d1977----km-y0itay50------ba 101 0 $aita 102 $aIT 200 1 $aKurt Lewin$eFra teoria e pratica$fAlfred J. Marrow 210 $aFirenze$cLa Nuova Italia$d1977 215 $aIX, 330 p.$d21 cm 225 1 $aProblemi di psicologia$v57 300 $a[Trad. di: The Practical Theorist. The Life and Work of Kurt Lewin] 610 0 $aLewin, Kurt$aBiografie 610 0 $aPsicologia sociale 676 $a10560 676 $a12110 702 1$aMarrow,$bAlfred J. 801 0$aIT$bUNINA$gRICA$2UNIMARC 901 $aBK 912 $a990003114080403321 952 $a10560 MAR$b11046/I$fSES 959 $aSES 996 $aKurt Lewin$9461170 997 $aUNINA LEADER 06639nam 2200661 a 450 001 9910459625103321 005 20200520144314.0 010 $a1-282-60142-3 010 $a9786612601422 010 $a90-474-2179-5 024 7 $a10.1163/ej.9789004163652.1-556 035 $a(CKB)2670000000010794 035 $a(EBL)489301 035 $a(OCoLC)593316567 035 $a(SSID)ssj0000334831 035 $a(PQKBManifestationID)11929214 035 $a(PQKBTitleCode)TC0000334831 035 $a(PQKBWorkID)10270634 035 $a(PQKB)11280248 035 $a(MiAaPQ)EBC489301 035 $a(OCoLC)192044968$z(OCoLC)173808132 035 $a(nllekb)BRILL9789047421795 035 $a(PPN)170412431 035 $a(Au-PeEL)EBL489301 035 $a(CaPaEBR)ebr10372719 035 $a(EXLCZ)992670000000010794 100 $a20071220d2007 uy 0 101 0 $aeng 135 $aur|n|---||||| 181 $ctxt 182 $cc 183 $acr 200 10$aArchives of the Dutch East India Company (VOC) and the local instiutions in Batavia (Jakarta)$b[electronic resource] $eArsip-arsip Verenigde Oostindische Compagnie (VOC) dan lembaga-lembaga pemerintahan kota Batavia (Jakarta) = De archieven van de Verenigde Oostindische Compagnie (VOC) en de locale instellingen te Batavia (Jakarta) /$fG.L. Balk, F. van Dijk, D.J. Kortland ; with contributions by F.S. Gaastra, Hendrik E. Niemeijer, P. Koenders 210 $aLeiden ;$aBoston $cBrill$d2007 215 $a1 online resource (572 p.) 225 0 $aBrill eBook titles 2007 300 $a"Arsip Nasional Republik Indonesia." 300 $a"This is a result of an intensive cooperation between the Arsip Nasional Republik Indonesia and the Nationaal Archief [Netherlands] which started in the 2001" -- Pref. 311 $a90-04-16365-4 320 $aIncludes bibliographical references. 327 $tPreliminary Materials /$rG.L. Balk , F. Van Dijk , J. Kortlang , F.S. Gaastra , H.E. Niemeijer and P. Koenders -- $tThe Organization Of The VOC /$rF.S. Gaastra -- $tThe Central Administration Of The VOC Government And The Local Institutions Of Batavia (1619-1811) ? An Introduction /$rHendrik E. Niemeijer -- $tHistory Of The Archives /$rG.L. Balk , F. Van Dijk and D.J. Kortlang -- $tTANAP And The Co-Operation Between ANRI And Nationaal Archief /$rPieter Koenders -- $tLiterature About The VOC /$rG.L. Balk , F. Van Dijk , J. Kortlang , F.S. Gaastra , H.E. Niemeijer and P. Koenders -- $tAppendices /$rG.L. Balk , F. Van Dijk , J. Kortlang , F.S. Gaastra , H.E. Niemeijer and P. Koenders -- $tArchief Van De Gouverneur-Generaal En Raden Van Indië (Hoge Regering) Van De Verenigde Oostindische Compagnie En Taakopvolgers, 1612-1812 /$rG.L. Balk , F. Van Dijk , J. Kortlang , F.S. Gaastra , H.E. Niemeijer and P. Koenders -- $tArchief Van De Commissarissen-Generaal S.C. Nederburgh, S.H. Frijkenius C.S. Van De Verenigde Oostindische Compagnie En Taakopvolgers. (Hoge Commissie) 1791-1799 /$rG.L. Balk , F. Van Dijk , J. Kortlang , F.S. Gaastra , H.E. Niemeijer and P. Koenders -- $tArchief Van De Algemene Rekenkamer, 1808-1811 /$rG.L. Balk , F. Van Dijk , J. Kortlang , F.S. Gaastra , H.E. Niemeijer and P. Koenders -- $tArchief Van De Raad Van Justitie, 1620-1809 /$rG.L. Balk , F. Van Dijk , J. Kortlang , F.S. Gaastra , H.E. Niemeijer and P. Koenders -- $tArchief Van De Schepenbank Van Batavia /$rG.L. Balk , F. Van Dijk , J. Kortlang , F.S. Gaastra , H.E. Niemeijer and P. Koenders -- $tArchief Van Het College Van Heemraden Te Batavia, (1664) 1682-1807 (1809 /$rG.L. Balk , F. Van Dijk , J. Kortlang , F.S. Gaastra , H.E. Niemeijer and P. Koenders -- $tArchief Van De Weeskamer Van Batavia /$rG.L. Balk , F. Van Dijk , J. Kortlang , F.S. Gaastra , H.E. Niemeijer and P. Koenders -- $tArchief Van De Boedelkamer Van Chinese En Onchristen Sterfhuizen, 1720-1872 /$rG.L. Balk , F. Van Dijk , J. Kortlang , F.S. Gaastra , H.E. Niemeijer and P. Koenders -- $tArchief Van De Bank Van Lening Bank-Courant Te Batavia, 1746-1814 /$rG.L. Balk , F. Van Dijk , J. Kortlang , F.S. Gaastra , H.E. Niemeijer and P. Koenders -- $tStukken Afkomstig Van Het Vendukantoor Te Batavia, 1737-1776 /$rG.L. Balk , F. Van Dijk , J. Kortlang , F.S. Gaastra , H.E. Niemeijer and P. Koenders -- $tArchief Van De Amphioensociëteit En Amphioendirectie Te Batavia, 1745-1880 /$rG.L. Balk , F. Van Dijk , J. Kortlang , F.S. Gaastra , H.E. Niemeijer and P. Koenders -- $tInventaris Van Het Notarieel Archief Van Batavia, 1621-1817 En Notariële Archieven Afkomstig Van Diverse Buitencomptoiren, Voornamelijk Surabaja (1811-1828) /$rG.L. Balk , F. Van Dijk , J. Kortlang , F.S. Gaastra , H.E. Niemeijer and P. Koenders -- $tArchief Van De Protestantse Gemeenten In Batavia En Van Enige Andere Protestantse Kerken Buiten Batavia /$rG.L. Balk , F. Van Dijk , J. Kortlang , F.S. Gaastra , H.E. Niemeijer and P. Koenders -- $tDoop- Trouw- En Begraafboeken Of Retroacta Burgerlijke Stand (1616-1829) /$rG.L. Balk , F. Van Dijk , J. Kortlang , F.S. Gaastra , H.E. Niemeijer and P. Koenders -- $tArchief Van Engelhard, 1750-1832 /$rG.L. Balk , F. Van Dijk , J. Kortlang , F.S. Gaastra , H.E. Niemeijer and P. Koenders. 330 $aThe VOC (Verenigde Oostindische Compagnie, the Dutch East India Company) was the largest of the early modern European trading companies operating in Asia. Its operations produced not only warehouses packed with spices, coffee, tea, textiles, porcelain and silk, but also shiploads of documents. Data on political, economic, cultural, religious, and social conditions spread over an enormous area circulated between the VOC establishments, the administrative centre of the trade in Batavia, now the city of Jakarta, and the Board of Directors in the Netherlands. The co-operation between the National Archives of Indonesia and the Netherlands resulted in this extensive catalogue of fifteen archives of VOC institutions in Jakarta. The VOC records are included in UNESCO´s Memory of the World Register. 607 $aJakarta (Indonesia)$xHistory$xSources$vBibliography$vCatalogs 608 $aElectronic books. 676 $a382.0949205 676 $a959 700 $aBalk$b G. L$0993943 701 $aDijk$b F. van$0993944 701 $aKortlang$b D. J$g(Diederick J.)$0993945 712 02$aArsip Nasional Republik Indonesia. 712 02$aNationaal Archief (Netherlands) 801 0$bMiAaPQ 801 1$bMiAaPQ 801 2$bMiAaPQ 906 $aBOOK 912 $a9910459625103321 996 $aArchives of the Dutch East India Company (VOC) and the local instiutions in Batavia (Jakarta)$92275999 997 $aUNINA LEADER 05688oam 2200661 c 450 001 996379038703316 005 20231110224505.0 010 $a3-8394-5437-9 024 7 $a10.14361/9783839454374 035 $a(CKB)5590000000429184 035 $a(DE-B1597)567101 035 $a(DE-B1597)9783839454374 035 $a(OCoLC)1224278175 035 $a(MiAaPQ)EBC6751649 035 $a(Au-PeEL)EBL6751649 035 $a(OCoLC)1291316800 035 $a(transcript Verlag)9783839454374 035 $a(MiAaPQ)EBC6956240 035 $a(Au-PeEL)EBL6956240 035 $a(MiAaPQ)EBC30494900 035 $a(Au-PeEL)EBL30494900 035 $a(EXLCZ)995590000000429184 100 $a20220221d2020 uy 0 101 0 $aeng 135 $aur||||||||||| 181 $ctxt$2rdacontent 182 $cc$2rdamedia 183 $acr$2rdacarrier 200 10$aContested Solidarity$ePractices of Refugee Support between Humanitarian Help and Political Activism$fLarissa Fleischmann 205 $a1st ed. 210 $aBielefeld$ctranscript Verlag$d2020 215 $a1 online resource (274 p.) 225 0 $aKultur und soziale Praxis 327 $aFrontmatter 1 Contents 5 1.1. The Spirit of Summer 2015: "We Want to Help Refugees!" 9 1.2. The Political Ambivalences of Refugee Support 16 1.3. Conceptualizing Solidarity in Migration Societies 23 1.4. The Political Possibilities of Grassroots Humanitarianism 30 1.5. Rethinking Political Action in Migration Societies 36 1.6. Researching Solidarity in the German 'Summer of Welcome': Field, Access, Methods, Ethics 40 1.7. An Outline of Contested Solidarity 46 2.1. The Notion of a 'Welcome Culture' and its Mobilizing Effects 51 2.2. Humanitarian Dissent: The Solidarity March 'Ellwangen Shows its Colours' 55 2.3. Humanitarian Governance: Volunteering with Refugees in Ellwangen 71 2.4. Concluding Remarks: Practices of Solidarity between Dissent and Co-Optation 83 3.1. Governmental Interventions in the Conduct of Volunteering with Refugees 85 3.2. (Re)Ordering Responsibilities in the Reception of Asylum Seekers 88 3.3. (Re)Shaping the Self-Conduct of Committed Citizens 100 3.4. Depoliticizing "Uncomfortable" Practices of Refugee Support 112 3.5. Concluding Remarks: The Government of Refugee Solidarity 119 4.1. "We are also Political Volunteers!" 121 4.2. Politics of Presence: Enacting Alternative Visions of Society 125 4.3. Contestations around Equal Rights 131 4.4. Contestations around a Right to Stay 139 4.5. Contestations around a Right to Migrate 147 4.6. Concluding Remarks: Emerging Meanings of Political Action in Migration Societies 152 5.1. Insubordinate Recipients: Asylum Seekers' Interventions in Relationships of Solidarity 155 5.2. The Intermediated Agency of Asylum Seekers 158 5.3. (De)politicizing the Meanings of Food: The Intermediation of Migrant Protest in Bad Waldsee 161 5.4. Deterring 'Economic Migrants': The Intermediation of Migrant Protest in Offenburg 176 5.5. Concluding Remarks: The Agency of Asylum Seekers in the Contestation of Solidarity 189 6.1. At the Frontlines of Solidarity and Community 193 6.2. A Short History of Refugee Activism in Schwa?bisch Gmu?nd 197 6.3. The Breaking of Relationships of Solidarity 201 6.4. The Conflicting Imaginaries of Community 214 6.5. Concluding Remarks: The Intimate Relationship between Community and Solidarity 226 Introduction 229 7.1. The Contested Line between Insiders and Outsiders 230 7.2. The Contested Line between 'the State' and 'Civil Society' 233 7.3. The Contested Relationship between 'the Local' and 'the World Out There' 236 References 241 Acknowledgements 271 330 $aIn the summer of 2015, an extraordinary number of German residents felt an urge to provide help to refugees. Doing good, however, is not as simple and straightforward as it might appear. Practices of solidarity are intertwined with questions of power. They are situated, relative and contested, unfolding in an ambivalent space between humanitarianism and political activism. This ethnographic account of the German »welcome culture« provides insights into the contested practices, imaginaries, interests and politics of refugee solidarity. Drawing on works from critical migration studies to social anthropology, Larissa Fleischmann develops an empirically grounded understanding of solidarity in migration societies. 330 1 $aBesprochen in: https://forced-migration-information.blogspot.com, 12 (2020) InfoDienst Migration, 1 (2021) 410 0$aKultur und Soziale Praxis 606 $aRefugees; Solidarity; Volunteering; Humanitarianism; Political Activism; Fleeing; Civil Society; Politics; Refugee Studies; Migration; Migration Policy; Social Movements; 610 $aCivil Society. 610 $aFleeing. 610 $aHumanitarianism. 610 $aMigration Policy. 610 $aMigration. 610 $aPolitical Activism. 610 $aPolitics. 610 $aRefugee Studies. 610 $aSocial Movements. 610 $aSolidarity. 610 $aVolunteering. 615 4$aRefugees; Solidarity; Volunteering; Humanitarianism; Political Activism; Fleeing; Civil Society; Politics; Refugee Studies; Migration; Migration Policy; Social Movements; 676 $a320 700 $aFleischmann$b Larissa$pMartin-Luther-Universita?t Halle-Wittenberg, Deutschland$4aut$01204685 801 0$bDE-B1597 801 1$bDE-B1597 906 $aBOOK 912 $a996379038703316 996 $aContested Solidarity$92780301 997 $aUNISA